Kultúrno-spoločenské aspekty a estetické hodnoty súčasnej ľudovej výtvarnej kultúry (1.)

Podrobná bibliografia
Hlavný autor: Čierna, Katarína, 1941- (Autor)
Médium: Článok
Jazyk:slovenčina
Fyzický popis:Obr. 1.
Predmet:

MARC

LEADER 00000nab a2200000 a 4500
001 vtls000356693
003 SK-MaSNL
005 20260304195229.0
008 111201c1989 xo 0 slo
015 |a SNBRB19rr/mm-uuuuu 
035 |a CL0356815 
040 |a SNKBUCL  |b slo  |c SNKBUCL  |e AACR2 
041 0 |a slo 
044 |a xo  |c SK 
080 |a 73/76.031.4  |2 1981 
100 1 |a Čierna, Katarína,  |d 1941-  |4 aut  |9 5332 
245 1 0 |a Kultúrno-spoločenské aspekty a estetické hodnoty súčasnej ľudovej výtvarnej kultúry (1.)  |c Katarína Čierna 
300 |b Obr. 1. 
650 0 7 |a umenie výtvarné ľudové  |2 snkbucl  |9 933614 
655 7 |a články z novín a časopisov  |2 snkbucl  |9 267496 
773 0 |t Výtvarníctvo fotografia film  |g Roč. 27, č. 6 (1989), s. 10-11 
850 |a Slovenská národná knižnica v Martine  |a MTA001 
852 |a SNK  |b KIS3GCP 
958 |a RK 
992 |a RBX 
999 |c 3080302  |d 3082232